LEADER 01199nam a2200265 u 4500 001 000000073126 003 CaOOAMICUS 005 20070226122321.0 008 020626s1999 it u000 u ita u 035 $a10934972 040 $aPUL(R)$bita 100 1 $aAguilar González, Alfonso.$0(OLS)http://pul/name/48406 245 10$aDiventare filosofo :$bPlatone e le necessarie predisposizioni per conquistare la verità /$cauctore Alfonso Aguilar González .. 260 $aRoma :$b[s.n.],$c1999. 300 $a526 p. ;$c22 cm 502 $aDiss. (doct.) -- Pontificium Athenaeum Regina Apostolorum, Facultas Philosophiae. 504 $aBibliografia: p. 489-526. 600 04$aPlato,$d427-347 a.C.$xEtica.$0(OLS)http://pul/subject/25650 710 2 $aAteneo Pontificio Regina Apostolorum.$0(OLS)http://pul/name/41647 850 $aPUL 852 $aPUL$W1$xDP1 Tesi At Regina Apostolorum$y42$mTH REG 1$j94527$nBK-PRI$b $qTesi$B94527$CPULBib$Z2$F94527 $81 941 1 $a16 961 $aINV: 84335 996 $6245$aDiventare filosofo :$bPlatone e le necessarie predisposizioni per conquistare la verità$9(OLS)http://pul/title/96151 996 $6260$aRoma :$b[s.n.]$9(OLS)http://pul/publisher/47958 LEADER 01491nam a2200337 a 4500 001 000000148065 003 CaOOAMICUS 005 20151210142717.0 008 151210s2016 it u000 u ita r 020 $a978-88-13-354893* 032 $aLibriCat 040 $aPUL$bita 082 04$a347.45 100 1 $aSoldi, Anna Maria.$0(OLS)http://pul/name/72533 245 10$aManuale dell'esecuzione forzata /$cAnna Maria Soldi. 250 $a5. ed. 260 $aPadova :$bCEDAM,$c2016$aMilanofiori Assago :$bWolters Kluwer 300 $aLXXII, 2331 p. ;$c25 cm. 500 $aSul front.: Aggiornato con l'analisi ragionata della riforma introdotta dalla legge 6 agosto 2015, n. 132 che ha modificato la disciplina delle procedure esecutive. 500 $aLibro già in circolazione dal 2015. 504 $aBibliografia in nota. 650 4$aProcedura civile$zItalia.$0(OLS)http://pul/subject/14566 850 $aPUL 852 $aPUL$W1$xDP2 Diritto e Scienze Sociali 3$y110$m347. 45 SOLAN 2$j170842$qDDC 21$B171892$CPULBib$Z2$F171892 $H126586 $82 941 1 $a9 996 $6020$a978-88-13-354893*$9(OLS)http://pul/number/159252 996 $6082$a347.45$9(OLS)http://pul/classification/384 996 $6245$aManuale dell'esecuzione forzata$9(OLS)http://pul/title/148831 996 $6260$aPadova :$bCEDAM$9(OLS)http://pul/publisher/48126 996 $6260$aMilanofiori Assago :$bWolters Kluwer$9(OLS)http://pul/publisher/81463 LEADER 01610nam a2200349 u 4500 001 000000008910 003 CaOOAMICUS 005 20070226105139.0 008 941209s1962 fr u000 u fre u 035 $a10227426 040 $aUPB$bita$dUPB 041 0 $afre$alat$agrc 100 0 $aOrigenes,$d184-253.$0(OLS)http://pul/name/1274 240 10$aIn Lucam homiliae XXXIX$9(Origenes, 184-253).$lFrancese e latino.$0(OLS)http://pul/title/13086 245 10$aHomélies sur s. Luc :$btexte latin et fragments grecs /$cOrigéne ; introduction, traduction et notes par Henri Crouzel, S.I. François Fournier, S.I. Pierr Périchon, S.I. 260 $aParis :$bLes Éditions du Cerf,$c1962. 300 $a564 p. ;$c20 cm 490 1 $aSources chrétiennes ;$v87 500 $aFrench, Latin and Greek. 500 $aIncludes indexes. 504 $aBibliography: p. [8]-9. 630 04$aBible.$pN.T.$pLuke$xCommentaries.$0(OLS)http://pul/subject/7443 700 1 $aPérichon, Pierre,$cS.I.$0(OLS)http://pul/name/8894 700 1 $aCrouzel, Henri,$cS.I.,$d1919-$0(OLS)http://pul/name/6438 830 0$aSources chrétiennes ;$v87.$0(OLS)http://pul/title/45 850 $aPUL 852 $aPUL$W1$xSL Religione 2$y84$mTheol E3 87$j12565$nBK-PRI$b $qStampati altre collocazioni$B12565$CPULBib$Z2$F12565 $H $81 900 $aOrigene,$d184-253$91274 941 1 $a10 961 $aINV: 21221 996 $6245$aHomélies sur s. Luc :$btexte latin et fragments grecs$9(OLS)http://pul/title/13087 996 $6260$aParis :$bLes Éditions du Cerf$9(OLS)http://pul/publisher/47861